LEADER 01860nam0 22003131i 450 001 UON00079192 005 20231205102422.820 100 $a20020107d1968 |0itac50 ba 101 $aeng 102 $aGB 105 $a|||| ||||| 200 1 $aˆThe ‰journals of C. W. Isenberg and J. L. Krapf detailing their proceedings in the kingdom of Shoa and journeys in other parts of Abyssinia in the years 1839, 1840, 1841, and 1842 to which is prefixed a geographical memoir of Abyssinia and South Eastern-Africa by James M'Queen$fC.W. Isenberg, J.L. Krapf 210 $aLondon$cFrank Cass & Co. ltd.$d1968 215 $axxvii, 529 p., 2 c. geogr.$d22 cm. First edition 1843 410 1$1001UON00065970$12001 $aCass Library of African studies. General studies$fEditorial Adviser: John Ralph Willis$v34 606 $aETIOPIA$xDescrizioni e viaggi$3UONC019549$2FI 620 $aGB$dLondon$3UONL003044 676 $a916.304$cDESCRIZIONI E VIAGGI DELL'ETIOPIA$v21 700 0$aCARLES Wilyam Izanbarg$3UONV047964$0658991 701 1$aKRAPF$bJ. Lewis$3UONV052020$0661056 701 1$aM'QUEEN$bJames$3UONV050229$0660225 712 $aFrank Cass & Company$3UONV247026$4650 790 1$aISENBERG, Charles William$zCARLES Wilyam Izanbarg$3UONV047965 801 $aIT$bSOL$c20240220$gRICA 899 $aSIBA - SISTEMA BIBLIOTECARIO DI ATENEO$2UONSI 912 $aUON00079192 950 $aSIBA - SISTEMA BIBLIOTECARIO DI ATENEO$dSI ET VIII B b 070 $eSI AA 723 7 070 996 $aJournals of C. W. Isenberg and J. L. Krapf detailing their proceedings in the kingdom of Shoa and journeys in other parts of Abyssinia in the years 1839, 1840, 1841, and 1842 to which is prefixed a geographical memoir of Abyssinia and South Eastern-Africa by James M'Queen$91849414 997 $aUNIOR